000 01202nam a22003374i 4500
999 _c64482
_d64482
001 768714001
003 CO-MdFUSB
005 20180904110851.0
008 180808t1969 sp ||||| |||| 00| 0 spa d
040 _aCO-MdFUSB
_bspa
_cCO-MdFUSB
_dCO-MdFUSBC
_erda
041 _aspa
082 _223
_a222.3507
_bSL634
100 _aSloyan, Gerard
_eautor
240 _aThe Old Testament Reading Guide : Ruth and Tobit
245 _aLibros de Rut y Tobías
_c/ Gerard Sloyan ; traductor José María Ruíz
264 1 _aEspaña :
_bSalterrae,
_c℗[1969].
264 4 _c©1970.
300 _a76 páginas
_c; 17 cm
336 _2rdacontent
_atexto
_btxt
337 _2rdamedia
_asin mediación
_bn
338 _2rdacarrier
_avolumen
_bnc
490 1 _aConoce la biblia : Antiguo Testamento.
505 _tEl libro de Ruth.
_aIntroducción -- Texto y comentario
505 _tEl libro de Tobías.
_aIntroducción -- Texto y comentario -- Temas para repaso y discusión -- abreviaturas
563 _aTapa rústica
630 0 7 _aBiblia.
_pRut
630 0 7 _aBiblia.
_pTobías
700 _aRuíz, José María
_etraductor
830 _aConoce la biblia : Antiguo Testamento
_vNo. 26
942 _cBK